Normal view
MARC view
Entry Personal Name
001 - CONTROL NUMBER
- control field: 13406
003 - CONTROL NUMBER IDENTIFIER
- control field: BD-RjUL
005 - DATE AND TIME OF LATEST TRANSACTION
- control field: 20240630133902.0
008 - FIXED-LENGTH DATA ELEMENTS
- fixed length control field: 240630|| aca||aabn | a|a d
040 ## - CATALOGING SOURCE
- Original cataloging agency: BD-RjUL
- Transcribing agency: BD-RjUL
100 ## - HEADING--PERSONAL NAME
- Personal name: পারভীন, সেলিনা
670 ## - SOURCE DATA FOUND
- Source citation: Work cat.: (BD-RjUL)83941: পারভীন, সেলিনা , পদ্মা নদীর পাখি চরের পাখি /, ২০২৪